Project management: strategie na přežití nebo chiméra českých podniků = Project management: strategy for survival or chimera of Czech entrepreneurs : teze habilitační práce /

Hlavní autor: Hrazdilová Bočková, Kateřina, 1976-
Korporativní autor: Univerzita Tomáše Bati ve Zlíně. Fakulta managementu a ekonomiky
Jazyk: Čeština
Vydáno: Ve Zlíně : Univerzita Tomáše Bati, 2009
Edice: Teze habilitační práce = Habilitation thesis summary
Témata:
Fyzický popis: 34 s. : il. ; 21 cm
Language note: Anglické resumé
Knihy
Uloženo v:
LEADER 02166nam a2200529 a 4500
001 nkc20091928503
003 CZ PrNK
005 20090723152138.0
007 ta
008 090505s2009 xr a f m 000 0 cze
015 |a cnb001928503 
020 |a 978-80-7318-836-8  |q (brož.) 
035 |a (OCoLC)428367833 
040 |a BOA001  |b cze 
041 0 |a cze  |b eng 
043 |a e-xr--- 
072 7 |a 005  |x Management. Řízení  |2 Konspekt  |9 4 
080 |a 005.8  |2 MRF 
080 |a (437.3)  |2 MRF 
080 |a (043.5)  |2 MRF 
080 |a (048.3)  |2 MRF 
100 1 |a Hrazdilová Bočková, Kateřina,  |d 1976-  |7 mzk2003171559  |4 dis 
245 1 0 |a Project management: strategie na přežití nebo chiméra českých podniků =  |b Project management: strategy for survival or chimera of Czech entrepreneurs : teze habilitační práce /  |c autor Kateřina Hrazdilová Bočková 
246 3 1 |a Project management: strategy for survival or chimera of Czech entrepreneurs 
260 |a Ve Zlíně :  |b Univerzita Tomáše Bati,  |c 2009 
300 |a 34 s. :  |b il. ;  |c 21 cm 
490 1 |a Teze habilitační práce =  |a Habilitation thesis summary 
500 |a Obor: Management a ekonomika podniku 
500 |a 60 výt. 
502 |a Teze habilitační práce--Univerzita Tomáše Bati ve Zlíně, Fakulta managementu a ekonomiky, 2009 
504 |a Obsahuje bibliografii 
546 |a Anglické resumé 
650 0 7 |a projektový management  |7 ph115894  |2 czenas 
650 0 7 |a projektový management  |7 ph115894  |z Česko  |2 czenas 
650 0 9 |a project management  |2 eczenas 
650 0 9 |a project management  |z Czechia  |2 eczenas 
655 7 |a habilitační práce  |7 fd185153  |2 czenas 
655 7 |a teze  |7 fd133701  |2 czenas 
655 9 |a habilitation theses  |2 eczenas 
655 9 |a abstracts  |2 eczenas 
710 2 |a Univerzita Tomáše Bati ve Zlíně.  |b Fakulta managementu a ekonomiky  |7 kn20010709196 
810 2 |a Univerzita Tomáše Bati ve Zlíně.  |t Teze habilitační práce  |0 s 
910 2 |a BOA001  |b 2-1222.755 
990 |a BK 
995 |a 01 
991 |b 200906  |c NOV 
996 6 |b 2610379782  |c 2-1222.755  |l MZK  |r Sklad / do 1 hodiny  |n 4  |p p.v.  |w 000938966  |u 000010  |a 1  |e BOA001  |j MZK50  |s P